000 00891cam a2200277 i 4500
001 375994
003 ARRUPE
005 20150826112413.0
008 781128r1979 nyu 000 0 eng
010 _a 78025668
020 _c$13.00
040 _aDLC
_cDLC
_dDLC
041 1 _aengfre
050 1 0 _aB2430.W473
_bP43
082 0 0 _a194
100 1 _aWeil, Simone,
_d1909-1943.
_92765
240 1 0 _aPesanteur et la grâce.
_lEnglish
245 1 0 _aGravity and grace /
_cby Simone Weil ; with an introd. by Gustave Thibon ; translated by Arthur Wills.
260 _aNew York :
_bOctagon Books,
_c1979, c1952.
300 _avi, 236 p. ;
_c22 cm.
500 _aTranslation of Le pesanteur et la grâce.
500 _aReprint of the ed. published by Putnam, New York.
650 0 _aPhilosophy.
_918780
906 _a7
_bcbc
_corignew
_d1
_eocip
_f19
_gy-gencatlg
942 _2lcc
_cMONOGRAPH
999 _c123109
_d123109